Statystyki dla Kraje z graczami Serie A

Kliknij tutaj aby rozwiązać quiz!

Ogólne statystyki

  • Ten quiz został rozwiązany 273 razy
  • Średni wynik to 18 z 25

Statystyki odpowiedzi

#liczba piłkarzyKraj% Poprawnych
1337Włochy
99%
617Polska
97%
227Francja
95%
521Hiszpania
95%
325Brazylia
93%
422Argentyna
91%
159Niemcy
91%
129Portugalia
91%
237Anglia
82%
717Holandia
81%
247Szwecja
80%
257Belgia
77%
198Szwajcaria
71%
208Dania
69%
916Chorwacja
67%
169Norwegia
65%
816Serbia
65%
227Kolumbia
63%
1111Urugwaj
58%
149Słowenia
56%
188Słowacja
55%
1013Albania
41%
178Nigeria
37%
218Rumunia
28%
139Wybrzeże Kości Słoniowej
27%

Rozkład punktacji

Percentyl według liczby udzielonych odpowiedzi

Procent ludzi z każdym wynikiem

Twoja historia wyników

Nie rozwiązałeś tego quizu